02541nam a2200337uu 4500001000800000005001700008007001000025008004100035035001200076040001300088041000800101080000900109082000800118100004000126245027500166260003900441300001300480520131900493650002301812650002801835650003001863650002601893650004301919650003401962700004401996700004002040700004202080856006102122502001202183526000802195146086020260508091019.0co|||||||170222s2017 spa  a1460860 ccomduadb aspa aQ/CD 4a36110aCastro Ospina, Verónica4auteaut10aSistematización de las prácticas socioeducativas artísticas de la corporación "Arlequín y Los Juglares" como un aporte a los procesos de empoderamiento político de las mujeres afro descendientes víctimas del desplazamiento forzado en el período 2010-2015 aMedellín :bAutores (as),c2017. a1 CD-ROM3 a"Este trabajo de grado es una sistematización de las prácticas de la Corporación "Arlequín y los Juglares", en ella se realizó la reconstrucción histórica de sus 43 años, la descripción de sus prácticas socioeducativas artísticas, de los procesos de empoderamiento político en las mujeres afro descendientes de Yemayá, se analizó los aportes que tienen dichas prácticas a estos procesos y se cualificó la misma, para esto, se realizaron una serie de técnicas interactivas como la línea del tiempo, un sociodrama, pensándonos a "Arlequín y los Juglares", observación participante y no participante y entrevistas semiestructuradas. Esta experiencia permitió identificar el papel transformador que tiene la educación social y el arte, así mismo, evidenciar como éstos aportan a procesos de empoderamiento político en los sujetos a través de espacios de diálogo, reflexión, creación y problematización de sus realidades y en clave del proceso vivido, se visibilizó que éste transciende la concepción tradicional, ya que de acuerdo a la experiencia de las mujeres de Yemayá, también se refiere a la toma de la palabra y la toma de decisiones, a su participación en escenarios políticos y sociales e igualmente en su vida cotidiana y su hogar." aPedagogía social aTransformación social aMujeres afrodescendientes 7aArte y sociedad2lemb aPrácticas artísticas pedagógicas 7aEducación comunitaria2lemb10aGarcía Echeverri, Katherine4auteaut10aOrtiz Roldan, Sebastián4auteaut10aOspina Otavo, Viviana Yanet4thseths4 uhttps://bibliotecadigital.udea.edu.co/handle/10495/13952 b107c12 a108